| 000 | 00533nam a22001937a 4500 | ||
|---|---|---|---|
| 005 | 20230706124554.0 | ||
| 008 | 230606b |||||||| |||| 00| 0 eng d | ||
| 020 | _a9788120340046 | ||
| 082 |
_a621.382 _bBEA-M |
||
| 100 | _aBeassley;Jeffrey.S | ||
| 245 |
_aModern Electronic Communication _bMiller, Gary M , Miller, Gary M , Beasley, Jeffrey S. |
||
| 250 | _a9th ed. | ||
| 260 |
_aIndia _c2013 _bPHI Learning |
||
| 300 | _a950 | ||
| 500 | _aInclude Index | ||
| 650 | _aEngineering | ||
| 700 | _aJeffrey S.Beasley | ||
| 999 |
_c18624 _d18624 |
||